[Event "DEN-ch G5-2"]
[Site "Svendborg"]
[Date "2023.04.05"]
[Round "3"]
[White "Pedersen, Thomas Vils"]
[Black "Hansen, Erik Levin"]
[Result "0-1"]
[WhiteElo "2111"]
[BlackElo "1665"]
[PlyCount "98"]
[EventDate "2023.04.05"]
[EventType "swiss"]
[EventRounds "5"]
[EventCountry "DEN"]
[SourceTitle "CBM 213 Extra"]
[Source "ChessBase"]
[SourceDate "2023.05.31"]
[SourceVersion "1"]
[SourceVersionDate "2023.05.31"]
[SourceQuality "1"]

1. d4 Nf6 2. Nf3 d5 3. c4 Bf5 4. Nc3 c6 5. cxd5 Nxd5 6. Nd2 e6 7. e4 Nxc3 8. bxc3 Bg6 9. Qb3 Qc7 10. f3 Be7 11. Nc4 Nd7 12. g3 b5 13. Ne3 0-0 14. Bg2 e5 15. 0-0 h5 16. f4 exd4 17. cxd4 Rad8 18. Kh1 Nb6 19. Bb2 a5 20. Rac1 a4 21. Qxb5 cxb5 22. Rxc7 Rfe8 23. Rc6 Rb8 24. f5 Bh7 25. h4 a3 26. Ba1 Bb4 27. e5 Bd2 28. Nd5 Nc4 29. Bc3 Bxc3 30. Nxc3 Ne3 31. Rf2 b4 32. Ne4 b3 33. axb3 Rxb3 34. Ra6 Rb1+ 35. Kh2 Ng4+ 36. Kh3 Nxf2+ 37. Nxf2 Bxf5+ 38. g4 hxg4+ 39. Kg3 Reb8 40. Rxa3 R1b4 41. d5 Rb3+ 42. Rxb3 Rxb3+ 43. Kf4 Rb2 44. Kg3 Kf8 45. Bf1 Rb3+ 46. Kg2 g3 47. Nh1 Be4+ 48. Kg1 Bxd5 49. h5 Ke7 0-1

[Event "Koge Bugt Summer"]
[Site "Solrod"]
[Date "2011.09.14"]
[Round "5.6"]
[White "Hansen, Erik Levin"]
[Black "Refsgaard, Kaj"]
[Result "0-1"]
[WhiteElo "1584"]
[BlackElo "1531"]
[PlyCount "122"]
[EventDate "2011.08.17"]
[EventType "swiss"]
[EventRounds "7"]
[EventCountry "DEN"]
[SourceTitle "EXT 2023"]
[Source "ChessBase"]
[SourceDate "2022.10.05"]
[SourceVersion "1"]
[SourceVersionDate "2022.10.05"]
[SourceQuality "1"]

1. e4 c5 2. Nf3 Nc6 3. d4 cxd4 4. Nxd4 Nf6 5. Nc3 d6 6. f3 Bd7 7. Be3 a6 8. Qd2 g6 9. 0-0-0 Bg7 10. Kb1 0-0 11. h4 Rc8 12. h5 gxh5 13. Nf5 Bxf5 14. exf5 Qd7 15. Bd3 Ne5 16. Bh6 Bxh6 17. Qxh6 Nxd3 18. Rxd3 Qxf5 19. Ne4 Nxe4 20. fxe4 Qg6 21. Rxh5 Qxh6 22. Rxh6 f6 23. b3 Rf7 24. Rhh3 Rg7 25. Rh5 Rc5 26. Kc1 Rcg5 27. Rxg5 Rxg5 28. g3 Kf7 29. b4 Ke6 30. c4 Rg6 31. Re3 Ke5 32. a4 a5 33. bxa5 Rg4 34. Kc2 Rxe4 35. Rb3 Rxc4+ 36. Kd2 Rxa4 37. Rxb7 e6 38. Rxh7 Rxa5 39. Rh5+ f5 40. g4 Ra4 41. gxf5 exf5 42. Ke3 Ra3+ 43. Kd2 Ke4 44. Rh8 Kd4 45. Rh5 Ke4 46. Rh8 d5 47. Re8+ Kd4 48. Rf8 Ra2+ 49. Ke1 Ke3 50. Re8+ Kf3 51. Rd8 Ra5 52. Rd7 Ke3 53. Re7+ Kd3 54. Re5 f4 55. Rf5 Ke4 56. Rf8 d4 57. Re8+ Re5 58. Ra8 Ke3 59. Ra3+ d3 60. Ra2 f3 61. Ra3 Rh5 0-1

[Event "Koge Bugt Winter"]
[Site "Solrod"]
[Date "2011.03.23"]
[Round "7"]
[White "Nielsen, Jan Mose"]
[Black "Hansen, Erik Levin"]
[Result "1-0"]
[WhiteElo "2118"]
[BlackElo "1812"]
[PlyCount "39"]
[EventDate "2011.01.12"]
[EventType "swiss"]
[EventRounds "7"]
[EventCountry "DEN"]
[SourceTitle "EXT 2023"]
[Source "ChessBase"]
[SourceDate "2022.10.05"]
[SourceVersion "1"]
[SourceVersionDate "2022.10.05"]
[SourceQuality "1"]

1. d4 Nf6 2. c4 g6 3. Nc3 d5 4. Nf3 Bg7 5. Qb3 dxc4 6. Qxc4 0-0 7. e4 Nbd7 8. h4 Nb6 9. Qd3 Bg4 10. Ne5 Nh5 11. Nxg4 Bxd4 12. Nh6+ Kg7 13. g4 Nf6 14. h5 c5 15. Qh3 Nfd7 16. hxg6 fxg6 17. Nf5+ gxf5 18. Qxh7+ Kf6 19. Rh6+ Ke5 20. f4# 1-0

[Event "Koge Bugt Winter"]
[Site "Solrod"]
[Date "2011.02.16"]
[Round "4"]
[White "Christensen, Verner"]
[Black "Hansen, Erik Levin"]
[Result "1/2-1/2"]
[WhiteElo "1978"]
[BlackElo "1812"]
[PlyCount "59"]
[EventDate "2011.01.12"]
[EventType "swiss"]
[EventRounds "7"]
[EventCountry "DEN"]
[SourceTitle "EXT 2023"]
[Source "ChessBase"]
[SourceDate "2022.10.05"]
[SourceVersion "1"]
[SourceVersionDate "2022.10.05"]
[SourceQuality "1"]

1. e4 c5 2. d4 cxd4 3. c3 dxc3 4. Nxc3 e6 5. Bc4 Nc6 6. Nf3 Be7 7. 0-0 a6 8. Qe2 b5 9. Bb3 Bb7 10. Bf4 Nf6 11. e5 Nh5 12. Bd2 f5 13. Rac1 0-0 14. Rfd1 Qe8 15. Qf1 Na5 16. Nd5 Nxb3 17. Nxe7+ Qxe7 18. axb3 Bxf3 19. gxf3 Qh4 20. Be3 f4 21. Bc5 Qg5+ 22. Qg2 Qxg2+ 23. Kxg2 Rf7 24. Bd6 g5 25. Rc7 Ng7 26. Bc5 Ne8 27. Rcxd7 Rxd7 28. Rxd7 Ng7 29. b4 h6 30. Kf1 1/2-1/2

[Event "Lovfalds EMT 19th D"]
[Site "Ringsted"]
[Date "2005.09.16"]
[Round "1"]
[White "Hansen, Erik Levin"]
[Black "Sorensen, Ken"]
[Result "0-1"]
[WhiteElo "1590"]
[BlackElo "1414"]
[PlyCount "80"]
[EventDate "2005.09.16"]
[EventType "tourn"]
[EventRounds "5"]
[EventCountry "DEN"]
[SourceTitle "EXT 2023"]
[Source "ChessBase"]
[SourceDate "2022.10.05"]
[SourceVersion "1"]
[SourceVersionDate "2022.10.05"]
[SourceQuality "1"]

1. e4 e6 2. d4 d5 3. Nd2 c5 4. c3 cxd4 5. cxd4 Nc6 6. exd5 Qxd5 7. Nb3 Nf6 8. Nf3 Be7 9. Be2 0-0 10. 0-0 Rd8 11. Bf4 b6 12. Re1 Bb7 13. Rc1 Rac8 14. Bc4 Qd7 15. Qe2 Nd5 16. Bg5 Bxg5 17. Nxg5 h6 18. Nf3 Nf4 19. Qe4 Qd6 20. Qe3 Rc7 21. Bb5 Rdc8 22. Bd3 Nb4 23. Bb1 Ba6 24. Rcd1 Nc2 25. Bxc2 Rxc2 26. Rd2 Nd5 27. Qe4 Nf6 28. Qe5 Qc7 29. h3 Rxd2 30. Nbxd2 Qc2 31. d5 Nxd5 32. Ne4 Qc7 33. Qd4 Qf4 34. Qa4 Bd3 35. Nc3 Qxa4 36. Nxa4 b5 37. Nc3 Nxc3 38. bxc3 Rxc3 39. Re3 Rc1+ 40. Kh2 Bc4 0-1